000 00631nam a2200241Ia 4500
003 OSt
005 20220918221144.0
006 a|||||r|||| 00| 0
007 ta
008 220917b |||||||| |||| 00| 0 eng d
024 _a148,522
037 _cTextual
040 _aARTS
_cARTS
_beng
041 _2eng
_aeng
082 _aS9, M5
100 _aDavid A Hay
_9139345
245 0 _aEssentials of behaviour genetics
260 _aMelbourne
_bBlackwell Scientific Pub
_c1985
300 _a358p.
_ccm.
650 _aANIMAL BEHAVIOUR
_929214
942 _hS9, M5
_cTEXL
_2CC
999 _c271199
_d271199